Горы-восьмитысячники - Statistics

General Stats
  • This quiz has been taken 5 times
  • The average score is 7 of 14
Answer Stats
Номер Высота Страна Вершина % Correct
1 8848 Китай/Непал Джомолунгма
100%
2 8614 Китай/Пакистан Чогори
67%
10 8091 Непал Аннапурна
67%
12 8051 Китай/Пакистан Дхаулагири
67%
11 8080 Китай/Пакистан Гашербрум I
67%
13 8035 Китай/Пакистан Гашербрум II
67%
3 8586 Непал/Индия Канченджанга
33%
4 8516 Китай/Непал Лхоцзе
33%
5 8485 Китай/Непал Макалу
33%
6 8201 Китай/Непал Чо-Ойю
33%
8 8156 Непал Манаслу
33%
9 8126 Пакистан Нангапарбат
33%
14 8027 Китай Шишабангма
33%
7 8167 Непал Дхаулагири
0%
No matching quizzes found
Score Distribution
Percent of People with Each Score
Percentile by Number Answered
Your Score History
You have not taken this quiz